| 000 | 00788 a2200265 4500 | ||
|---|---|---|---|
| 001 | 200421557 | ||
| 999 |
_c200421557 _d38576 |
||
| 003 | TR-AnTOB | ||
| 005 | 20190408222025.0 | ||
| 008 | 150311s tu 000 0 | ||
| 020 | _a9786059965101 | ||
| 040 |
_aTR-AnTOB _btur _erda |
||
| 041 | 0 | _aeng | |
| 050 | 0 | 0 |
_aPR2898.T8 _bS32 2014 |
| 090 | _aPR2898 .T8 S32 2014 | ||
| 100 | 0 | 0 |
_aShakespeare, William, _d1564-1616 _xCriticism and interpretation _9120945 |
| 100 | 0 | 0 |
_aShakespeare, William, _d1564-1616 _xEleştri ve yorum _g1564-1616 _9120946 |
| 245 | 1 | 0 |
_aShakespeare / _ced.: A. Deniz Bozer. |
| 264 |
_aAnkara: _bHacettepe University, _c2014 |
||
| 300 |
_a140 s. ; _c21 sm. |
||
| 336 |
_atext _2rdacontent |
||
| 337 |
_aunmediated _2rdamedia |
||
| 338 |
_avolume _2rdacarrier |
||
| 942 | _cBK | ||